Contemporary Chinese Society: Basic Systems and Daily Life (Record no. 615419)
[ view plain ]
| 000 -LEADER | |
|---|---|
| fixed length control field | 00454nam a22001577a 4500 |
| 020 ## - INTERNATIONAL STANDARD BOOK NUMBER | |
| International Standard Book Number | 9787300276076 |
| 082 ## - DEWEY DECIMAL CLASSIFICATION NUMBER | |
| Classification number | 306.2095 |
| Author Mark | LUL |
| 100 ## - MAIN ENTRY--PERSONAL NAME | |
| Personal name | Lulu, Li |
| 245 ## - TITLE STATEMENT | |
| Title | Contemporary Chinese Society: Basic Systems and Daily Life |
| Statement of responsibility, etc. | Li Lulu and others |
| 260 ## - PUBLICATION, DISTRIBUTION, ETC. | |
| Place of publication, distribution, etc. | Beijing: |
| Name of publisher, distributor, etc. | China Renmin University Press; |
| Date of publication, distribution, etc. | 2020. |
| 300 ## - PHYSICAL DESCRIPTION | |
| Extent | 241p. |
| 563 ## - BINDING INFORMATION | |
| Binding note | PB. |
| 650 ## - SUBJECT ADDED ENTRY--TOPICAL TERM | |
| Topical term or geographic name entry element | Population of chinese |
| 650 ## - SUBJECT ADDED ENTRY--TOPICAL TERM | |
| Topical term or geographic name entry element | Chinese society |
| 942 ## - ADDED ENTRY ELEMENTS (KOHA) | |
| Source of classification or shelving scheme | |
| Koha item type | Book |
| 650 ## - SUBJECT ADDED ENTRY--TOPICAL TERM | |
| -- | 132149 |
| 650 ## - SUBJECT ADDED ENTRY--TOPICAL TERM | |
| -- | 132150 |
| Withdrawn status | Lost status | Source of classification or shelving scheme | Materials specified (bound volume or other part) | Damaged status | Not for loan | Permanent Location | Current Location | Shelving location | Date acquired | Source of acquisition | Total Checkouts | Full call number | Barcode | Date last seen | Price effective from | Koha item type |
|---|---|---|---|---|---|---|---|---|---|---|---|---|---|---|---|---|
| Donated by Chinese Study Centre NUST | Central Library (CL) | Central Library (CL) | Chinese Studies | 11/28/2025 | Donation | 306.2095 LUL | CL-D-3139 | 11/28/2025 | 11/28/2025 | Book |
